Filosofía: Conceptos Fundamentales
Este libro es una introducción a los temas filosóficos que sirven de base al auténtico pensamiento crítico. Después de defender las opciones filosóficas por la verdad, el bien, la belleza, la razón y el realismo, se explican los conceptos claves de la metafísica, la lógica, la retórica, la filosofía...
| Autor principal: | |
|---|---|
| Formato: | Desconocido |
| Idioma: | Indeterminado |
| Publicado: |
Chile
Chile
2016-01-26 00:00:00
|
| Temas: | |
| Acceso en línea: | Texto completo |
MARC
| LEADER | 00000 a2200000 4500 | ||
|---|---|---|---|
| 001 | ALPHAC_52237 | ||
| 003 | XX-XxUND | ||
| 008 | s2016 xx |||||||||||| ||||und d | ||
| 020 | |a 9789561425224 | ||
| 035 | |a 9789561425224 | ||
| 100 | 1 | |a Orrego, C. |e author | |
| 245 | 1 | |a Filosofía: Conceptos Fundamentales | |
| 260 | |a Chile |b Chile |c 2016-01-26 00:00:00 | ||
| 300 | |a 350 | ||
| 520 | |a Este libro es una introducción a los temas filosóficos que sirven de base al auténtico pensamiento crítico. Después de defender las opciones filosóficas por la verdad, el bien, la belleza, la razón y el realismo, se explican los conceptos claves de la metafísica, la lógica, la retórica, la filosofía del hombre y la teología natural. Más allá de la acumulación de conceptos y de argumentos, Filosofía: conceptos fundamentales se ofrece a los lectores como una excelente guía para el ejercicio riguroso y profundo de sus capacidades racionales y como una sólida fundamentación de la dignidad de la persona humana | ||
| 650 | 4 | |a filosofía | |
| 754 | 1 | |a category |c Ciencias Juridicas y Politicas | |
| 856 | 4 | |u https://alphaeditorialcloud.uam.elogim.com/reader/filosofia-conceptos-fundamentales-1577136653 |z Texto completo | |


